[Event "Esbjerg Autumn 7th"]
[Site "Esbjerg"]
[Date "2024.10.18"]
[Round "2"]
[White "Hansen, Lars"]
[Black "Bonnelykke, Ole"]
[Result "1-0"]
[WhiteElo "2177"]
[BlackElo "1997"]
[PlyCount "48"]
[EventDate "2024.10.18"]
[EventType "swiss"]
[EventRounds "7"]
[EventCountry "DEN"]
[SourceTitle "CB43_2024"]
[Source "Chessbase"]
[SourceDate "2024.10.23"]
[SourceVersion "1"]
[SourceVersionDate "2024.10.23"]
[SourceQuality "1"]

1. Nf3 Nf6 2. b3 e6 3. Bb2 b6 4. g3 Bb7 5. Bg2 c5 6. 0-0 d5 7. d3 Bd6 8. Nbd2 Nbd7 9. e3 Qc7 10. Qe2 0-0 11. e4 dxe4 12. dxe4 Ne5 13. Rad1 Nxf3+ 14. Nxf3 e5 15. Nh4 Bc8 16. Nf5 Bxf5 17. exf5 Rad8 18. Rd2 Rfe8 19. Rfd1 Rd7 20. Qb5 Red8 21. h3 g6 22. fxg6 hxg6 23. Qc6 Kg7 24. f4 exf4 1-0

[Event "Erfurt op-A 29th"]
[Site "Erfurt"]
[Date "2019.12.28"]
[Round "5"]
[White "Bonnelykke, Ole"]
[Black "Reinecke, Katharina"]
[Result "0-1"]
[WhiteElo "2059"]
[BlackElo "1936"]
[PlyCount "46"]
[EventDate "2019.12.26"]
[EventType "swiss"]
[EventRounds "8"]
[EventCountry "GER"]
[SourceTitle "CBM 194 Extra"]
[Source "ChessBase"]
[SourceDate "2020.03.31"]
[SourceVersion "1"]
[SourceVersionDate "2020.03.31"]
[SourceQuality "1"]

1. e4 c6 2. d3 d5 3. Nd2 e5 4. g3 Bc5 5. Qe2 Qc7 6. Bg2 Ne7 7. c3 0-0 8. Ngf3 f6 9. 0-0 Bg4 10. b4 Bd6 11. h3 Bh5 12. g4 Bf7 13. Nh4 a5 14. bxa5 Qxa5 15. Bb2 Nd7 16. c4 Nc5 17. cxd5 cxd5 18. exd5 Qa6 19. Nc4 Nxd5 20. Nxd6 Nf4 21. Qe3 Qxd6 22. d4 exd4 23. Bxd4 Qxd4 0-1

[Event "Esbjerg Autumn 2nd"]
[Site "Esbjerg"]
[Date "2019.10.19"]
[Round "4"]
[White "Bonnelykke, Ole"]
[Black "Lindgaard, Tobias Simon"]
[Result "1-0"]
[WhiteElo "2042"]
[BlackElo "1789"]
[PlyCount "53"]
[EventDate "2019.10.18"]
[EventType "swiss"]
[EventRounds "7"]
[EventCountry "DEN"]
[SourceTitle "CBM 192 Extra"]
[Source "Chessbase"]
[SourceDate "2019.11.06"]
[SourceVersion "1"]
[SourceVersionDate "2019.11.06"]
[SourceQuality "1"]

1. e4 Nc6 2. Nc3 d6 3. g3 g6 4. Bg2 Bg7 5. d3 Nf6 6. h3 Bd7 7. Be3 e5 8. Qd2 Ne7 9. Nge2 c6 10. f4 Qc7 11. 0-0-0 b5 12. d4 b4 13. Nb1 Rb8 14. Rhf1 h5 15. dxe5 dxe5 16. Bc5 Rb5 17. Bd6 Qa5 18. fxe5 Rxe5 19. Bxe5 Qxe5 20. Rxf6 Bxf6 21. Qxd7+ Kf8 22. c3 Kg7 23. Qd6 Qb5 24. Nd4 Qg5+ 25. Qf4 Qc5 26. Nb3 Qb5 27. Bf1 1-0

[Event "Varde Weekend Mester"]
[Site "Varde"]
[Date "2018.05.06"]
[Round "4"]
[White "Bonnelykke, Ole"]
[Black "Jensen, Poul Grydholt"]
[Result "1/2-1/2"]
[WhiteElo "2010"]
[BlackElo "2025"]
[PlyCount "30"]
[EventDate "2018.05.04"]
[EventType "tourn"]
[EventRounds "5"]
[EventCountry "DEN"]
[SourceTitle "EXT 2023"]
[Source "ChessBase"]
[SourceDate "2022.10.05"]
[SourceVersion "1"]
[SourceVersionDate "2022.10.05"]
[SourceQuality "1"]

1. d4 Nf6 2. c4 g6 3. Nc3 Bg7 4. e4 d6 5. f3 0-0 6. Be3 c5 7. Nge2 cxd4 8. Nxd4 Nc6 9. Qd2 Bd7 10. Nxc6 Bxc6 11. Bh6 a6 12. Bxg7 Kxg7 13. g4 h5 14. gxh5 Nxh5 15. 0-0-0 Qa5 1/2-1/2

[Event "Varde Weekend Mester"]
[Site "Varde"]
[Date "2018.05.06"]
[Round "5"]
[White "Erdodi, Gabor"]
[Black "Bonnelykke, Ole"]
[Result "1/2-1/2"]
[WhiteElo "1972"]
[BlackElo "2010"]
[PlyCount "37"]
[EventDate "2018.05.04"]
[EventType "tourn"]
[EventRounds "5"]
[EventCountry "DEN"]
[SourceTitle "EXT 2023"]
[Source "ChessBase"]
[SourceDate "2022.10.05"]
[SourceVersion "1"]
[SourceVersionDate "2022.10.05"]
[SourceQuality "1"]

1. e4 c5 2. c3 d6 3. d4 Nf6 4. f3 Nc6 5. Be3 e5 6. d5 Nb8 7. c4 Be7 8. Bd3 Na6 9. Nc3 0-0 10. g4 Bd7 11. Nge2 Rb8 12. Ng3 Nb4 13. Nce2 Ne8 14. Qd2 h6 15. a3 Na6 16. Nf5 Bxf5 17. gxf5 Bh4+ 18. Kf1 Bg5 19. Bxg5 1/2-1/2

[Event "Varde Weekend Mester"]
[Site "Varde"]
[Date "2018.05.05"]
[Round "2"]
[White "Christensen, Anders"]
[Black "Bonnelykke, Ole"]
[Result "0-1"]
[WhiteElo "1917"]
[BlackElo "2010"]
[PlyCount "74"]
[EventDate "2018.05.04"]
[EventType "tourn"]
[EventRounds "5"]
[EventCountry "DEN"]
[SourceTitle "EXT 2023"]
[Source "ChessBase"]
[SourceDate "2022.10.05"]
[SourceVersion "1"]
[SourceVersionDate "2022.10.05"]
[SourceQuality "1"]

1. d4 Nf6 2. c4 e6 3. Nc3 Bb4 4. Qc2 c5 5. a3 Bxc3+ 6. bxc3 Nc6 7. e3 e5 8. d5 Ne7 9. Bd3 d6 10. Ne2 Bg4 11. Ng3 Qd7 12. a4 Bh5 13. f3 Bg6 14. f4 exf4 15. exf4 Bxd3 16. Qxd3 h5 17. Ra2 0-0-0 18. 0-0 h4 19. Ne4 Nxe4 20. Qxe4 Nf5 21. Qd3 Rde8 22. a5 g6 23. Bd2 Qe7 24. Rb2 Qe4 25. Qxe4 Rxe4 26. Rfb1 Re7 27. Rd1 Rhe8 28. Rbb1 Rd7 29. a6 b6 30. Re1 Rxe1+ 31. Bxe1 Re7 32. Kf2 Re4 33. Rb2 Rxf4+ 34. Kg1 Kd7 35. g3 hxg3 36. hxg3 Rxc4 37. Kg2 Ne7 0-1

[Event "Varde Weekend-A"]
[Site "Varde"]
[Date "2015.04.26"]
[Round "4"]
[White "Christensen, Anders"]
[Black "Bonnelykke, Ole"]
[Result "0-1"]
[WhiteElo "1868"]
[BlackElo "2016"]
[PlyCount "116"]
[EventDate "2015.04.24"]
[EventType "tourn"]
[EventRounds "5"]
[EventCountry "DEN"]
[SourceTitle "EXT 2023"]
[Source "ChessBase"]
[SourceDate "2022.10.05"]
[SourceVersion "1"]
[SourceVersionDate "2022.10.05"]
[SourceQuality "1"]

1. e4 c5 2. Nf3 e6 3. d4 cxd4 4. Nxd4 a6 5. c4 Qc7 6. Be2 Nf6 7. Nc3 Nc6 8. 0-0 b6 9. Nxc6 dxc6 10. a3 e5 11. b4 Be7 12. h3 Be6 13. Be3 0-0 14. Qc2 Rfc8 15. Rfd1 a5 16. Na4 c5 17. b5 h6 18. Nc3 Rd8 19. Rxd8+ Rxd8 20. Rd1 Ne8 21. Rxd8 Qxd8 22. Qd3 Kf8 23. Kf1 Qxd3 24. Bxd3 Nd6 25. Nd5 Bxd5 26. exd5 Bg5 27. Bxg5 hxg5 28. Ke1 e4 29. Bf1 Ke7 30. Kd2 Kf6 31. f3 exf3 32. gxf3 Ke5 33. Ke3 Nf5+ 34. Kf2 Kf4 35. Bd3 Nd6 36. a4 f6 37. Be2 Ke5 38. Kg3 Kd4 39. Kg4 Kc3 40. Kh5 Kb3 41. Kg6 Kxa4 42. Kxg7 Kb4 43. Kxf6 a4 44. Ke7 Nb7 45. Bd3 Kc3 46. Bf5 a3 47. Bc8 a2 48. Bxb7 a1Q 49. Kd7 Kxc4 50. d6 Kxb5 51. Ke6 Qh8 52. d7 Qd8 53. Kd6 c4 54. Be4 Kb4 55. h4 gxh4 56. f4 h3 57. f5 h2 58. Ke6 c3 0-1

[Event "Varde Weekend-A"]
[Site "Varde"]
[Date "2015.04.24"]
[Round "3"]
[White "Rasmussen, Bjarne Meldgaard"]
[Black "Bonnelykke, Ole"]
[Result "0-1"]
[WhiteElo "1915"]
[BlackElo "2016"]
[PlyCount "50"]
[EventDate "2015.04.24"]
[EventType "tourn"]
[EventRounds "5"]
[EventCountry "DEN"]
[SourceTitle "EXT 2023"]
[Source "ChessBase"]
[SourceDate "2022.10.05"]
[SourceVersion "1"]
[SourceVersionDate "2022.10.05"]
[SourceQuality "1"]

1. e4 c5 2. Nf3 e6 3. d4 cxd4 4. Nxd4 a6 5. Be2 Qc7 6. 0-0 Nf6 7. f3 Nc6 8. c3 d5 9. Nxc6 bxc6 10. Bd3 Bd6 11. h3 Nh5 12. Re1 0-0 13. Be3 f5 14. exf5 exf5 15. Bf2 Bg3 16. Qc2 Bd7 17. Bxg3 Qxg3 18. Qf2 Qg5 19. Nd2 Nf4 20. Qf1 Nxh3+ 21. Kh2 Qxd2 22. Kxh3 Rf6 23. Kh2 Rh6+ 24. Kg1 Qxb2 25. Re7 Qb6+ 0-1

[Event "DEN-chT 1415 53rd"]
[Site "Denmark"]
[Date "2015.03.07"]
[Round "8.3"]
[White "Bonnelykke, Ole"]
[Black "Sloth, Jorn"]
[Result "0-1"]
[WhiteElo "2045"]
[BlackElo "2318"]
[PlyCount "62"]
[EventDate "2014.10.25"]
[EventType "team-tourn"]
[EventRounds "9"]
[EventCountry "DEN"]
[SourceTitle "EXT 2016"]
[Source "ChessBase"]
[SourceDate "2015.10.08"]
[SourceVersion "1"]
[SourceVersionDate "2015.10.08"]
[SourceQuality "1"]
[WhiteTeam "Esbjerg"]
[BlackTeam "Nordre"]
[WhiteTeamCountry "DEN"]
[BlackTeamCountry "DEN"]

1. e4 Nf6 2. e5 Nd5 3. Nc3 Nxc3 4. bxc3 d5 5. f4 c5 6. Nf3 Nc6 7. Be2 Bg4 8. 0-0 e6 9. Qe1 c4 10. Qg3 h5 11. d3 Ne7 12. dxc4 Nf5 13. Qf2 Rc8 14. Nd4 Bxe2 15. Qxe2 Bc5 16. Be3 Bxd4 17. Bxd4 Rxc4 18. Bxa7 Qa5 19. Bd4 b5 20. Rfb1 g6 21. a4 Rxa4 22. Rxa4 Qxa4 23. Bc5 Kd7 24. Rxb5 Rc8 25. Bb4 Qa1+ 26. Kf2 Rc4 27. Qd2 Kc6 28. Ra5 Qh1 29. Ra8 Kb7 30. Rf8 Qxh2 31. Rxf7+ Kc6 0-1

[Event "DEN-chT 1415 53rd"]
[Site "Denmark"]
[Date "2014.10.26"]
[Round "2.3"]
[White "Hansen, Lars"]
[Black "Bonnelykke, Ole"]
[Result "1-0"]
[WhiteElo "2273"]
[BlackElo "2045"]
[PlyCount "75"]
[EventDate "2014.10.25"]
[EventType "team-tourn"]
[EventRounds "9"]
[EventCountry "DEN"]
[SourceTitle "EXT 2016"]
[Source "ChessBase"]
[SourceDate "2015.10.08"]
[SourceVersion "1"]
[SourceVersionDate "2015.10.08"]
[SourceQuality "1"]
[WhiteTeam "Copenhagen 68"]
[BlackTeam "Esbjerg"]
[WhiteTeamCountry "DEN"]
[BlackTeamCountry "DEN"]

1. d4 Nf6 2. Bg5 e6 3. e4 Be7 4. e5 Nd5 5. Bxe7 Qxe7 6. c4 Nb6 7. Nc3 d6 8. exd6 cxd6 9. Nf3 0-0 10. Bd3 N8d7 11. 0-0 Nf6 12. Re1 Bd7 13. a4 Rac8 14. Qb3 Rc7 15. a5 Nc8 16. Qa3 Rd8 17. b4 Qf8 18. b5 b6 19. axb6 Nxb6 20. Nd2 Rdc8 21. Na2 Rd8 22. Nb4 Be8 23. Na6 Rcd7 24. Nb4 Rc7 25. Na6 Rcd7 26. Nb3 Rc8 27. Na5 Rdd8 28. Nb4 d5 29. c5 Nc4 30. Bxc4 dxc4 31. Nac6 Bxc6 32. Nxc6 Rxc6 33. bxc6 Rxd4 34. Qxa7 Rd8 35. c7 Rc8 36. Rab1 Nd5 37. Rb8 Nxc7 38. Reb1 1-0

[Event "Horsens Lang Weekend op"]
[Site "Horsens"]
[Date "2013.07.18"]
[Round "2"]
[White "Rasmussen, Karsten"]
[Black "Bonnelykke, Ole"]
[Result "1-0"]
[WhiteElo "2425"]
[BlackElo "2058"]
[PlyCount "87"]
[EventDate "2013.07.18"]
[EventType "swiss"]
[EventRounds "7"]
[EventCountry "DEN"]
[SourceTitle "CBM 155 Extra"]
[Source "ChessBase"]
[SourceDate "2013.08.26"]
[SourceVersion "1"]
[SourceVersionDate "2013.08.26"]
[SourceQuality "1"]

1. d4 Nf6 2. Nf3 e6 3. c4 Bb4+ 4. Nbd2 0-0 5. g3 d5 6. Bg2 c5 7. dxc5 Na6 8. 0-0 Nxc5 9. a3 Bxd2 10. Bxd2 Bd7 11. Bb4 Ba4 12. Qe1 Rc8 13. Rc1 b6 14. cxd5 exd5 15. Qd2 a5 16. Bxc5 bxc5 17. Bh3 Rb8 18. Qf4 c4 19. Qd2 Qb6 20. Rb1 Rfd8 21. Bf5 Ne4 22. Qc1 Bb3 23. Ra1 g6 24. Bxe4 dxe4 25. Ng5 Qd4 26. Qf4 Rb7 27. Qh4 h5 28. e3 Qf6 29. Qxe4 Re7 30. Qh4 Rd5 31. Nf3 Qxh4 32. gxh4 Re4 33. h3 Rf5 34. Kg2 Ba4 35. Nd4 Rf6 36. Kg3 g5 37. hxg5 h4+ 38. Kh2 Rb6 39. Rab1 Bb3 40. Nxb3 Rxb3 41. Rfc1 Rb5 42. Rc3 Rxg5 43. Rbc1 Rb5 44. Rxc4 1-0

[Event "Odense Fynsmesterskabet"]
[Site "Odense"]
[Date "2011.06.05"]
[Round "8"]
[White "Rostgaard, Tobias Valentin"]
[Black "Bonnelykke, Ole"]
[Result "1-0"]
[WhiteElo "2207"]
[BlackElo "2067"]
[PlyCount "63"]
[EventDate "2011.06.01"]
[EventType "swiss"]
[EventRounds "9"]
[EventCountry "DEN"]
[SourceTitle "CBM 142 Extra"]
[Source "ChessBase"]
[SourceDate "2011.06.27"]
[SourceVersion "1"]
[SourceVersionDate "2011.06.27"]
[SourceQuality "1"]

1. d4 Nf6 2. c4 c5 3. d5 b5 4. cxb5 a6 5. bxa6 Bxa6 6. Nc3 g6 7. g3 d6 8. Bg2 Bg7 9. Nf3 0-0 10. Rb1 Nbd7 11. 0-0 Qc7 12. b3 Rfb8 13. Qc2 Nb6 14. Rd1 Ra7 15. a4 Nbd7 16. Nd2 Ne5 17. h3 Rab7 18. Ba3 Ned7 19. Bf1 Ne5 20. e3 Bxf1 21. Rxf1 Qa5 22. f4 Ned7 23. Nc4 Qd8 24. Rfd1 Nb6 25. Na5 Rc7 26. Nc6 Rxc6 27. dxc6 Qc8 28. Qg2 Ng4 29. hxg4 Bxc3 30. g5 Qe6 31. Rd3 Ba5 32. Rbd1 1-0

[Event "Horsens Lang Weekend 13th"]
[Site "Horsens"]
[Date "2010.07.22"]
[Round "2"]
[White "Bonnelykke, Ole"]
[Black "Rasmussen, Karsten"]
[Result "0-1"]
[WhiteElo "2070"]
[BlackElo "2428"]
[PlyCount "56"]
[EventDate "2010.07.22"]
[EventType "swiss"]
[EventRounds "7"]
[EventCountry "DEN"]
[SourceTitle "EXT 2012"]
[Source "ChessBase"]
[SourceDate "2011.11.24"]
[SourceVersion "1"]
[SourceVersionDate "2011.11.24"]
[SourceQuality "1"]

1. e4 c6 2. Nc3 d5 3. Nf3 Bg4 4. exd5 cxd5 5. Bb5+ Nc6 6. Ne5 Bxd1 7. Nxc6 Qb6 8. Ne5+ Kd8 9. Nxf7+ Kc8 10. 0-0 Bh5 11. Nxh8 d4 12. Bc4 Nf6 13. Nd5 Qc6 14. Nxf6 Qxf6 15. Re1 g5 16. d3 h6 17. c3 Qxh8 18. cxd4 Kd8 19. Bd2 Rc8 20. Re5 Bg7 21. Rd5+ Kc7 22. Re1 Bf6 23. Bb4 Rd8 24. Rc5+ Kb8 25. Be6 Bxd4 26. Rd5 Rxd5 27. Bxd5 Bxf2+ 28. Kxf2 Qxb2+ 0-1

[Event "Borup op 4th"]
[Site "Borup"]
[Date "2009.09.05"]
[Round "3"]
[White "Bonnelykke, Ole"]
[Black "Holst, Lasse"]
[Result "1-0"]
[WhiteElo "2118"]
[BlackElo "1881"]
[PlyCount "81"]
[EventDate "2009.09.04"]
[EventType "swiss"]
[EventRounds "9"]
[EventCountry "DEN"]
[SourceTitle "CBM 132 Extra"]
[Source "ChessBase"]
[SourceDate "2009.11.03"]
[SourceVersion "1"]
[SourceVersionDate "2009.11.03"]
[SourceQuality "1"]

1. e4 e6 2. d3 d5 3. Nd2 Nf6 4. g3 Be7 5. Bg2 0-0 6. Qe2 Nc6 7. c3 d4 8. f4 e5 9. f5 Nd7 10. c4 Nb4 11. Nb3 b5 12. cxb5 c5 13. bxc6 Nxc6 14. Nf3 Ba6 15. 0-0 Nb4 16. Ne1 Rc8 17. Bd2 Qb6 18. Bxb4 Bxb4 19. Nc2 Bd6 20. Rfc1 Qb5 21. Bf1 Rc7 22. Na3 Qb6 23. Rxc7 Bxc7 24. Rc1 Rc8 25. Nc4 Qh6 26. Qd2 Qxd2 27. Ncxd2 Bd8 28. Rxc8 Bxc8 29. Nc4 Bg5 30. Nba5 Ba6 31. b4 Be7 32. Nc6 Bxc4 33. dxc4 Bd6 34. c5 Bb8 35. Nxb8 Nxb8 36. Bb5 Kf8 37. c6 Nxc6 38. Bxc6 Ke7 39. a4 Kd6 40. Bd5 f6 41. Kf2 1-0

[Event "Borup op 4th"]
[Site "Borup"]
[Date "2009.09.04"]
[Round "1"]
[White "Bonnelykke, Ole"]
[Black "De Verdier, Michael Carl Adam"]
[Result "0-1"]
[WhiteElo "2118"]
[BlackElo "2276"]
[PlyCount "96"]
[EventDate "2009.09.04"]
[EventType "swiss"]
[EventRounds "9"]
[EventCountry "DEN"]
[SourceTitle "CBM 132 Extra"]
[Source "ChessBase"]
[SourceDate "2009.11.03"]
[SourceVersion "1"]
[SourceVersionDate "2009.11.03"]
[SourceQuality "1"]

1. e4 c5 2. Nc3 e6 3. g3 d5 4. Bg2 Nf6 5. d3 Be7 6. exd5 exd5 7. Nge2 0-0 8. 0-0 d4 9. Ne4 Nc6 10. Nf4 Re8 11. Nxf6+ Bxf6 12. Nd5 Be6 13. Nxf6+ Qxf6 14. Qh5 Qf5 15. Qxf5 Bxf5 16. Bxc6 bxc6 17. Bf4 Re2 18. Rac1 Rae8 19. Bd6 c4 20. Bc5 cxd3 21. cxd3 Rxb2 22. Bxa7 Bxd3 23. Rfe1 Rxe1+ 24. Rxe1 h6 25. a3 Ra2 26. Bc5 Bf5 27. Bxd4 Rxa3 28. Rc1 Be4 29. Bc5 Ra2 30. h3 Kh7 31. g4 Kg6 32. Kh2 Rb2 33. Kg3 Rb3+ 34. Be3 Bd5 35. h4 h5 36. gxh5+ Kxh5 37. Rc5 f6 38. Ra5 Rb4 39. Bf4 Rb1 40. Ra8 Rg1+ 41. Kh3 g5 42. hxg5 fxg5 43. Rh8+ Kg6 44. Bg3 c5 45. Kg4 c4 46. Rd8 Be6+ 47. Kf3 c3 48. Rd6 Kf5 0-1

[Event "Aarhus Summer-B"]
[Site "Aarhus"]
[Date "2009.07.14"]
[Round "7"]
[White "Bonnelykke, Ole"]
[Black "Rewitz, Poul"]
[Result "0-1"]
[WhiteElo "2081"]
[BlackElo "2234"]
[PlyCount "146"]
[EventDate "2009.07.08"]
[EventType "tourn"]
[EventRounds "9"]
[EventCountry "DEN"]
[SourceTitle "CBM 131 Extra"]
[Source "ChessBase"]
[SourceDate "2009.09.03"]
[SourceVersion "2"]
[SourceVersionDate "2009.09.16"]
[SourceQuality "1"]

1. e4 c6 2. Nc3 d5 3. Nf3 dxe4 4. Ng5 Nf6 5. Bc4 e6 6. 0-0 Be7 7. Qe2 0-0 8. Ngxe4 Nbd7 9. d3 Nd5 10. a4 b6 11. f4 Bb7 12. Bxd5 exd5 13. Ng5 h6 14. Nf3 Re8 15. Qf2 Nf6 16. Ne5 d4 17. Ne2 c5 18. Ng3 Qd5 19. Bd2 Bd6 20. Rae1 Bxe5 21. Rxe5 Rxe5 22. fxe5 Ng4 23. Qe2 Re8 24. Ne4 Ne3 25. Bxe3 dxe3 26. Qg4 Qe6 27. Qf4 e2 28. Re1 Qxe5 29. Qxe5 Rxe5 30. Rxe2 c4 31. Nc3 Rxe2 32. Nxe2 cxd3 33. cxd3 Ba6 34. Nc1 f5 35. Kf2 Kf7 36. Ke3 Bb7 37. g3 g5 38. b4 Ke6 39. Ne2 Ke5 40. h4 Bd5 41. hxg5 hxg5 42. d4+ Kd6 43. Nc3 Bc6 44. d5 Bxd5 45. Nb5+ Kd7 46. Nxa7 Bb3 47. Nb5 Bxa4 48. Nd4 Kd6 49. Nxf5+ Kd5 50. Kd3 Bb5+ 51. Kc3 Bd7 52. Ne3+ Ke4 53. Nc4 b5 54. Nd6+ Ke5 55. Nb7 Bc6 56. Nc5 Kf5 57. Nd3 Ke4 58. Ne1 Ke3 59. Nd3 Be8 60. Ne5 Ke4 61. Ng4 Kf3 62. Nf6 Bf7 63. Kd4 Kxg3 64. Ne4+ Kf4 65. Nd6 g4 66. Nxb5 g3 67. Nc3 g2 68. Ne2+ Kf3 69. Ng1+ Kf2 70. Nh3+ Kf1 71. Ke5 Be8 72. Ke6 Bb5 73. Kd6 Be2 0-1

[Event "NATO-ch 20th"]
[Site "Hammelburg"]
[Date "2009.06.18"]
[Round "6"]
[White "Kersic, Matej"]
[Black "Bonnelykke, Ole"]
[Result "0-1"]
[WhiteElo "2142"]
[BlackElo "2101"]
[PlyCount "64"]
[EventDate "2009.06.15"]
[EventType "swiss"]
[EventRounds "7"]
[EventCountry "GER"]
[SourceTitle "CBM 130 Extra"]
[Source "ChessBase"]
[SourceDate "2009.07.02"]
[SourceVersion "2"]
[SourceVersionDate "2009.07.15"]
[SourceQuality "1"]

1. e4 c5 2. Nf3 e6 3. Be2 a6 4. c4 Nc6 5. Nc3 Qc7 6. 0-0 Nf6 7. d4 cxd4 8. Nxd4 h5 9. Nxc6 dxc6 10. Be3 Bd7 11. f4 c5 12. e5 Ng4 13. Bxg4 hxg4 14. Qxg4 0-0-0 15. Rad1 Be7 16. Ne4 f5 17. Qxg7 Rde8 18. Nd6+ Bxd6 19. exd6 Qc6 20. Qe5 Reg8 21. Rf2 b6 22. b4 cxb4 23. Rb1 a5 24. a3 Rh3 25. Rd2 Rgh8 26. axb4 Rxh2 27. b5 Qxc4 28. Rdb2 Kb7 29. Kf2 Rg8 30. Rg1 Rg4 31. Rd2 Bxb5 32. d7 Rhxg2+ 0-1